<?xml version="1.0" encoding="UTF-8"?>
<record
    xmlns:xsi="http://www.w3.org/2001/XMLSchema-instance"
    xsi:schemaLocation="http://www.loc.gov/MARC21/slim http://www.loc.gov/standards/marcxml/schema/MARC21slim.xsd"
    xmlns="http://www.loc.gov/MARC21/slim">

  <leader>01913cam a2200313 a 4500</leader>
  <datafield tag="999" ind1=" " ind2=" ">
    <subfield code="c">9321</subfield>
    <subfield code="d">9321</subfield>
  </datafield>
  <controlfield tag="001">17247854</controlfield>
  <controlfield tag="003">GBCCL</controlfield>
  <controlfield tag="005">20241126110709.0</controlfield>
  <controlfield tag="008">120409s2012    miua          001 0 eng  </controlfield>
  <datafield tag="010" ind1=" " ind2=" ">
    <subfield code="a">  2012014668</subfield>
  </datafield>
  <datafield tag="020" ind1=" " ind2=" ">
    <subfield code="a">9780310492238 (pbk.)</subfield>
  </datafield>
  <datafield tag="020" ind1=" " ind2=" ">
    <subfield code="z">9780310492245</subfield>
    <subfield code="q">ebook</subfield>
  </datafield>
  <datafield tag="040" ind1=" " ind2=" ">
    <subfield code="a">DLC</subfield>
    <subfield code="c">DLC</subfield>
    <subfield code="d">DLC</subfield>
  </datafield>
  <datafield tag="042" ind1=" " ind2=" ">
    <subfield code="a">pcc</subfield>
  </datafield>
  <datafield tag="050" ind1="0" ind2="0">
    <subfield code="a">BS543</subfield>
    <subfield code="b">.K63 2012</subfield>
  </datafield>
  <datafield tag="082" ind1="0" ind2="0">
    <subfield code="a">230.041</subfield>
    <subfield code="2">23</subfield>
    <subfield code="b">KLI</subfield>
  </datafield>
  <datafield tag="100" ind1="1" ind2=" ">
    <subfield code="a">Klink, Edward W.,</subfield>
    <subfield code="c">III,</subfield>
    <subfield code="d">1975-</subfield>
    <subfield code="9">16241</subfield>
  </datafield>
  <datafield tag="245" ind1="1" ind2="0">
    <subfield code="a">Understanding biblical theology :</subfield>
    <subfield code="b">a comparison of theory and practice /</subfield>
    <subfield code="c">Edward W. Klink III and Darian R. Lockett.</subfield>
  </datafield>
  <datafield tag="260" ind1=" " ind2=" ">
    <subfield code="a">Grand Rapids, Mich. :</subfield>
    <subfield code="b">Zondervan,</subfield>
    <subfield code="c">2012.</subfield>
  </datafield>
  <datafield tag="300" ind1=" " ind2=" ">
    <subfield code="a">193 p. :</subfield>
    <subfield code="b">ill. ;</subfield>
    <subfield code="c">23 cm.</subfield>
  </datafield>
  <datafield tag="500" ind1=" " ind2=" ">
    <subfield code="a">Includes indexes.</subfield>
  </datafield>
  <datafield tag="505" ind1="0" ind2=" ">
    <subfield code="a">Spectrum of biblical theology -- Biblical theology as historical description -- Biblical theology as historical description: definition -- Biblical theology as historical description: James Barr -- Biblical theology as history of redemption -- Biblical theology as history of redemption: definition -- Biblical theology as history of redemption: D. A. Carson -- Biblical theology as worldview-story -- Biblical theology as worldview-story: definition -- Biblical theology as worldview-story: N. T. Wright -- Biblical theology as canonical approach -- Biblical theology as canonical approach: definition -- Biblical theology as canonical approach:Brevard Childs -- Biblical theology as theological construction -- Biblical theology as theological construction: definition -- Biblical theology as theological construction: Francis Watson -- Understanding biblical theology.</subfield>
  </datafield>
  <datafield tag="630" ind1="0" ind2="0">
    <subfield code="a">Bible</subfield>
    <subfield code="x">Theology.</subfield>
    <subfield code="9">357</subfield>
  </datafield>
  <datafield tag="630" ind1="0" ind2="0">
    <subfield code="a">Bible</subfield>
    <subfield code="x">Hermeneutics.</subfield>
    <subfield code="9">1790</subfield>
  </datafield>
  <datafield tag="700" ind1="1" ind2=" ">
    <subfield code="a">Lockett, Darian R.</subfield>
    <subfield code="9">16242</subfield>
  </datafield>
  <datafield tag="906" ind1=" " ind2=" ">
    <subfield code="a">7</subfield>
    <subfield code="b">cbc</subfield>
    <subfield code="c">orignew</subfield>
    <subfield code="d">1</subfield>
    <subfield code="e">ecip</subfield>
    <subfield code="f">20</subfield>
    <subfield code="g">y-gencatlg</subfield>
  </datafield>
  <datafield tag="942" ind1=" " ind2=" ">
    <subfield code="2">ddc</subfield>
    <subfield code="c">BK</subfield>
    <subfield code="0">1</subfield>
  </datafield>
  <datafield tag="952" ind1=" " ind2=" ">
    <subfield code="0">0</subfield>
    <subfield code="1">0</subfield>
    <subfield code="2">ddc</subfield>
    <subfield code="4">0</subfield>
    <subfield code="7">0</subfield>
    <subfield code="a">GBC</subfield>
    <subfield code="b">GBC</subfield>
    <subfield code="c">TH</subfield>
    <subfield code="d">2022-10-06</subfield>
    <subfield code="l">1</subfield>
    <subfield code="o">230.041 KLI</subfield>
    <subfield code="p">015795</subfield>
    <subfield code="r">2025-05-01 00:00:00</subfield>
    <subfield code="s">2023-07-31</subfield>
    <subfield code="t">c.1</subfield>
    <subfield code="w">2022-10-06</subfield>
    <subfield code="y">BK</subfield>
  </datafield>
</record>
